Automobile Mechanics (Record no. 30330)
[ view plain ]
| 000 -LEADER | |
|---|---|
| fixed length control field | 00322nam a2200157Ia 4500 |
| 082 ## - DEWEY DECIMAL CLASSIFICATION NUMBER | |
| Classification number | 629.2 |
| Item number | GIR |
| 100 ## - MAIN ENTRY--PERSONAL NAME | |
| Personal name | Giri/N.K |
| 245 ## - TITLE STATEMENT | |
| Title | Automobile Mechanics |
| 260 ## - PUBLICATION, DISTRIBUTION, ETC. | |
| Name of publisher, distributor, etc. | Khanna publishers |
| Date of publication, distribution, etc. | 1979 |
| 366 ## - TRADE AVAILABILITY INFORMATION | |
| Publishers's discount category | 10 |
| 300 ## - PHYSICAL DESCRIPTION | |
| Extent | 1015 |
| 546 ## - LANGUAGE NOTE | |
| Language note | ENGLISH |
| 650 ## - SUBJECT ADDED ENTRY--TOPICAL TERM | |
| Topical term or geographic name entry element | AUTOMOBILE |
| 654 ## - SUBJECT ADDED ENTRY--FACETED TOPICAL TERMS | |
| Focus term | automobile |
| 942 ## - ADDED ENTRY ELEMENTS (KOHA) | |
| Koha item type | BOOK |
| Withdrawn status | Lost status | Damaged status | Not for loan | Collection | Home library | Current library | Date acquired | Source of acquisition | Cost, normal purchase price | Inventory number | Total Checkouts | Full call number | Barcode | Date last seen | Cost, replacement price | Price effective from | Koha item type | Date last checked out |
|---|---|---|---|---|---|---|---|---|---|---|---|---|---|---|---|---|---|---|
| CRC | Fr. Agnel's C.Rodrigues College of Engineering | Fr. Agnel's C.Rodrigues College of Engineering | 17/03/2023 | Readers World | 539.10 | 349 dt 18.08.2022 | 629.2 GIR | 25944 | 17/03/2023 | 599.00 | BOOK | |||||||
| CRC | Fr. Agnel's C.Rodrigues College of Engineering | Fr. Agnel's C.Rodrigues College of Engineering | 17/03/2023 | Readers World | 539.10 | 349 dt 18.08.2022 | 629.2 GIR | 25945 | 17/03/2023 | 599.00 | BOOK | |||||||
| CRC | Fr. Agnel's C.Rodrigues College of Engineering | Fr. Agnel's C.Rodrigues College of Engineering | 17/03/2023 | Readers World | 539.10 | 349 dt 18.08.2022 | 2 | 629.2 GIR | 25946 | 08/06/2024 | 599.00 | BOOK | 01/02/2024 |